000 00866nam a22002537a 4500
005 20170123162331.0
010 _aA-304549
020 _c30.00
035 _aA-304549
037 _bCen Lib/Ret
040 _aDPL
_bUR
082 _a841
_bج ع ف
100 _aجعفری، سید محمّد
_9113882
245 _aشوخی تحریر /
_cسید محمّد جعفری
246 _aShokhey-e-Tehreer /
_bby Sayed Mohd Jafri
260 _aدہلی
_bایجوکیشنل پبلشنگ ہاؤس
_c1987
270 _bدہلی
_a٣١٠٨، گلی عزیزددیں وکیل کوچہ پنڈت لال کوان
_e110006
300 _a176p.
_c21cm(Hb)
650 _a ادب - اردو
_9137040
650 _aاردو نظم
_9137041
650 _aLiterature -- Urdu
_9137042
650 _aUrdu poetry
_9137043
942 _2ddc
_cUR
_h841
_mج ع ف
999 _c107821
_d107821